000 00645nam a2200229Ia 4500
003 GCL
008 140319s9999 xx 000 0 eng d
020 _a8170003598
040 _aGCL /
_cGCL
082 0 4 _a025.31
_bL P
100 1 _aLAI, C .
245 1 0 _aPRACTICAL CATALOGUING :
_b( CLASSIFIED CATALOGUE CODE ) /
_cLAI, C .
700 1 _aKUMAR, K .
260 _aالهند :
_bESS ESS PUBLICATIONS ،
_c2003
300 _a22 CM ؛
_c482 P
650 0 4 _aLIBRARIES
650 0 4 _aAUTOMATIC INDEXING
650 0 4 _aCARD CATALOGS FOR LIBRARIES
650 0 4 _aLIBRARIES - CATALOGUING
650 0 4 _aCLASSIFICATION LIBRARY
942 _2ddc
_cBK
999 _c9312
_d9312